=LDR 00000nam 2200000 4500 =001 INLIS000000000006829 =005 20130612094925 =008 ***********************************Ind** =035 ##$$0010-061300000006829 =041 ##$$a Ind =082 ##$$a 891.553 =090 ##$$a 891.553, Att m =100 ##$$a Attar, Faridu'd-Din =245 ##$$a Musyawarah burung, Faridu'd-din Attar =260 ##$$a 1983 $b Jakarta =300 ##$$a 253 hlm., 21 cm =650 ##$$a Fiksi Persia =850 ##$$a NBPNMAT